IFM Opac

Key to High School English Grammar & Composition (Record no. 22128)

MARC details
000 -LEADER
fixed length control field 00341nam a22001337a 4500
020 ## - INTERNATIONAL STANDARD BOOK NUMBER
ISBN 978-93-52530-15-1
082 ## - DEWEY DECIMAL CLASSIFICATION NUMBER
Classification number 425
100 ## - MAIN ENTRY--AUTHOR NAME
Personal name Wren, P. C.
245 ## - TITLE STATEMENT
Title Key to High School English Grammar & Composition
260 ## - PUBLICATION, DISTRIBUTION, ETC. (IMPRINT)
Place of publication New Delhi:
Name of publisher Vikas Publishing House,
Year of publication 2024.
300 ## - PHYSICAL DESCRIPTION
Number of Pages 136p.: ill.; 26cm
700 ## - ADDED ENTRY--PERSONAL NAME
Personal name Martin, H.
942 ## - ADDED ENTRY ELEMENTS (KOHA)
Koha item type Books
Holdings
Withdrawn status Lost status Damaged status Not for loan Collection code Permanent Location Current Location Shelving location Date acquired Source of acquisition Full call number Accession Number Price effective from Koha item type
        Non-fiction IFM Main Campus Library IFM Main Campus Library Work Room processing 01/08/2026 Purchased 425 WRE 0000030248 01/08/2026 Books
        Non-fiction IFM Main Campus Library IFM Main Campus Library Work Room processing 01/08/2026 Purchased 425 WRE 0000030246 01/08/2026 Books
        Non-fiction IFM Main Campus Library IFM Main Campus Library Work Room processing 01/08/2026 Purchased 425 WRE 0000030247 01/08/2026 Books